| 000 | 00613cab a2200205 4500 | ||
|---|---|---|---|
| 001 | WB3116-137 | ||
| 008 | 090401t1995 xxu||||| |||| 00| 0 eng d | ||
| 035 | _a(Sirsi) u11391 | ||
| 041 | _aeng | ||
| 245 | _aScottish canal | ||
| 260 | _c1995 | ||
| 350 | _a0 | ||
| 490 |
_aFinancial Times _v25 April 1995, 12(1) |
||
| 520 | _aThe Millennium Commission has been asked to grant £50m to enable a project to restore 68 miles of canal across the central belt of Scotland. | ||
| 650 | _aCANALS | ||
| 650 | _aMILLENNIUM COMMISSION | ||
| 690 | _aTRANSPORT AND COMMUNICATIONS | ||
| 942 | _n0 | ||
| 948 | _c04/03/1997 | ||
| 999 |
_c7257 _d7257 |
||